000 00723nam a22002057a 4500
999 _c179585
_d179585
005 20210623123604.0
010 _aB-740276
020 _a9788125034315
_c295.00
035 _aB-740276
037 _bGift
082 _a305.80095413
100 _aMohanty, Sachidananda
245 _aGender and cultural identity in colonial Orissa /
_cby Sachidananda Mohanty
260 _aHyderabad
_bOrient Longman
_c2008
270 _a3-6-752, Himayatnagar
_bHyderabad
_e500029
300 _aviii, 176p.:
_c22cm(pbk)
_bill.
500 _ainclude bibliographical references and index
942 _2ddc
_cEN
_h305.80095413
_mMOH